عرض عادي
عرض مارك
- Swales, John M., |d 1938-
مدخل إسم شخص
001 - رقم الضبط
- حقل الضبط: 35633
003 - معرف رقم الضبط
- حقل الضبط: OSt
005 - تاريخ ووقت أخر عملية
- حقل الضبط: 20130425165221.0
008 - عناصر بيانات ثابتة الطول
- حقل تحكم ثابت الطول: 130425|||a|||||| | ||| d
040 ## - مصدر الفهرسة
- هيئة الفهرسة الأصلية: OSt
- وكالة الكتابة: OSt
100 ## - مدخل -- أسم شخص
- إسم شخص: Swales, John M., |d 1938-
670 ## - بيانات المصدر موجوده
- الاستشهاد بالمصدر: Work cat.: (OSt): Swales, John M., |d 1938-, Genre analysis, 1990
